| 000 | 01949cam a22004574a 4500 | ||
|---|---|---|---|
| 001 | 12983203 | ||
| 003 | OSt | ||
| 005 | 20260429163937.0 | ||
| 008 | 021028s2003 enka b 001 0 eng | ||
| 010 | _a 2002192605 | ||
| 020 | _a0199261121 | ||
| 020 | _a9780199261123 | ||
| 035 | _a12983203 | ||
| 040 |
_aDLC _cDLC _dDLC |
||
| 042 | _apcc | ||
| 050 | 0 | 0 |
_aHD6053 _b.W638534 2003 |
| 082 | 0 | 0 |
_a304.6 WOM _221 |
| 245 | 0 | 0 |
_aWomen in the labour market in changing economies : _bdemographic issues / _cedited by Brígida García, Richard Anker, Antonella Pinnelli. |
| 246 | 3 | _aWomen in the labor market in changing economies | |
| 260 |
_aOxford ; _aNew York : _bOxford University Press, _c2003. |
||
| 300 |
_axiii, 341 p. : _bill. ; _c24 cm. |
||
| 336 |
_atext _btxt _2rdacontent |
||
| 337 |
_aunmediated _bn _2rdamedia |
||
| 338 |
_avolume _bnc _2rdacarrier |
||
| 504 | _aIncludes bibliographical references and index. | ||
| 650 | 0 |
_aWomen _xEmployment _vCase studies. |
|
| 650 | 0 |
_aLabor market _vCase studies. |
|
| 650 | 0 |
_aPopulation _xEconomic aspects. |
|
| 650 | 0 |
_aEconomic history _y21st century. |
|
| 655 | 7 |
_aCase studies. _2lcgft _0https://id.loc.gov/authorities/genreForms/gf2017026140 |
|
| 700 | 1 | _aGarcía, Brígida. | |
| 700 | 1 |
_aAnker, Richard, _d1943- |
|
| 700 | 1 | _aPinnelli, Antonella. | |
| 856 | 4 | 2 |
_3Publisher description _uhttp://www.loc.gov/catdir/enhancements/fy0613/2002192605-d.html |
| 856 | 4 | 1 |
_3Table of contents only _uhttp://www.loc.gov/catdir/enhancements/fy0613/2002192605-t.html |
| 856 | 4 | 2 |
_3Contributor biographical information _uhttp://www.loc.gov/catdir/enhancements/fy0724/2002192605-b.html |
| 906 |
_a7 _bcbc _corignew _d1 _eocip _f20 _gy-gencatlg |
||
| 942 |
_2ddc _cBOOKS |
||
| 999 |
_c9427 _d9427 |
||